Kapitoly z prekladu a tlmočenia učebnica

Na minha lista:
Detalhes bibliográficos
Autor principal: Ehrgangová, Elena
Outros Autores: Keníž, Alojz
Formato: Livro
Idioma:eslovaco
Publicado em: Bratislava Vydavateľstvo EKONÓM 1999
Assuntos:
Tags: Adicionar Tag
Sem tags, seja o primeiro a adicionar uma tag!

MARC

LEADER 00000nam a2200000 4500
001 c119551
005 20221102132715.8
020 |a 80-225-1057-2 
041 0 |a slo 
044 |a SK 
245 1 0 |a Kapitoly z prekladu a tlmočenia  |b učebnica  |c Elena Ehrgangová, Alojz Keníž 
264 1 |a Bratislava  |b Vydavateľstvo EKONÓM  |c 1999 
300 |a 92 s. 
610 2 0 |a jazykoveda 
610 2 0 |a slovenčina 
610 2 0 |a terminológia 
100 1 |a Ehrgangová, Elena 
700 1 |a Keníž, Alojz